000 00385nam a2200145Ia 4500
008 100204s9999 xx 000 0 und d
082 _b26178
100 _aनाईक गुरुनाथ
245 _aधडक
260 _b"सुशील प्रकाशन , पुणे"
_c2004
300 _a168
630 _aधडक
730 _aधडक
942 _cBOOK
999 _c471355
_d471352